[Event "AUT-ch Vor4 Internet"]
[Site "Playchess.com INT"]
[Date "2020.04.25"]
[Round "6"]
[White "Kravanja, Georg"]
[Black "Kraus, Christian"]
[Result "1-0"]
[WhiteElo "2199"]
[BlackElo "1892"]
[PlyCount "127"]
[EventDate "2020.04.25"]
[EventType "swiss (blitz)"]
[EventRounds "9"]
[EventCountry "AUT"]
[SourceTitle "EXT 2021"]
[Source "ChessBase"]
[SourceDate "2020.10.23"]
[SourceVersion "1"]
[SourceVersionDate "2020.10.23"]
[SourceQuality "1"]

1. d4 Nf6 2. c4 g6 3. g3 Bg7 4. Bg2 0-0 5. Nc3 d6 6. Nf3 c5 7. d5 a6 8. a4 Bg4 9. h3 Bxf3 10. exf3 Nbd7 11. 0-0 Ne8 12. Bd2 e6 13. f4 exd5 14. Nxd5 Rb8 15. Rb1 b5 16. axb5 axb5 17. b3 b4 18. f5 Bd4 19. fxg6 hxg6 20. Bh6 Ng7 21. h4 Re8 22. Bxg7 Kxg7 23. h5 Re5 24. hxg6 fxg6 25. Nf4 Rf5 26. Qg4 Ne5 27. Ne6+ Kf6 28. Qxf5+ gxf5 29. Nxd8 Rxd8 30. Bd5 Rd7 31. Kg2 Ra7 32. Rh1 Ng4 33. Bf3 Nxf2 34. Rh6+ Kg7 35. Rxd6 Ra2 36. Rd7+ Kf6 37. Kf1 Nd3 38. Be2 Ne5 39. Rd6+ Kg5 40. Rd1 Ng4 41. Bxg4 Kxg4 42. Rd3 Ra1+ 43. Ke2 Ra2+ 44. Rd2 Rxd2+ 45. Kxd2 Kxg3 46. Rxd4 cxd4 47. c5 f4 48. c6 f3 49. c7 f2 50. c8Q f1Q 51. Qg8+ Kh2 52. Qh7+ Kg3 53. Qg6+ Kf2 54. Qf5+ Kg2 55. Qxf1+ Kxf1 56. Kd3 Kf2 57. Kxd4 Kf3 58. Kc4 Ke4 59. Kxb4 Kd5 60. Kb5 Kd6 61. Kb6 Kd7 62. b4 Kc8 63. Ka7 Kc7 64. b5 1-0

[Event "AUT-ch Vor4 Internet"]
[Site "Playchess.com INT"]
[Date "2020.04.25"]
[Round "2"]
[White "Stolzlechner, Andreas"]
[Black "Kraus, Christian"]
[Result "0-1"]
[WhiteElo "1835"]
[BlackElo "1892"]
[PlyCount "49"]
[EventDate "2020.04.25"]
[EventType "swiss (blitz)"]
[EventRounds "9"]
[EventCountry "AUT"]
[SourceTitle "EXT 2021"]
[Source "ChessBase"]
[SourceDate "2020.10.23"]
[SourceVersion "1"]
[SourceVersionDate "2020.10.23"]
[SourceQuality "1"]

1. e4 e6 2. d4 d5 3. Nc3 Bb4 4. Nge2 Nf6 5. Bg5 dxe4 6. a3 Be7 7. Bxf6 gxf6 8. Nxe4 f5 9. N4g3 b6 10. Qd2 h5 11. Nc1 h4 12. Nge2 Nd7 13. Nd3 Nf6 14. f3 Bb7 15. 0-0-0 h3 16. Rg1 hxg2 17. Bxg2 Rxh2 18. Ne5 Nd5 19. Rh1 Rxh1 20. Rxh1 Bf6 21. c4 Ne7 22. Qh6 Ng6 23. Nxg6 Bg5+ 24. f4 Bxh6 25. Rh5 0-1